<?xml version="1.0" encoding="UTF-8"?>
<collection xmlns="http://www.loc.gov/MARC21/slim">
  <record>
    <leader>00000nam  2200000   4500</leader>
    <controlfield tag="001">INLIS000000000015908</controlfield>
    <controlfield tag="005">20230929110935</controlfield>
    <datafield tag="035" ind1="#" ind2="#">
      <subfield code="a">0010-0923000149</subfield>
    </datafield>
    <controlfield tag="007">ta</controlfield>
    <controlfield tag="008">230929################|##########|#|##</controlfield>
    <datafield tag="084" ind1="#" ind2="#">
      <subfield code="a">R 157 PIM I 2022</subfield>
    </datafield>
    <datafield tag="100" ind1=" " ind2="#">
      <subfield code="a">Indah Anggoro Putri</subfield>
    </datafield>
    <datafield tag="245" ind1="1" ind2="#">
      <subfield code="a">Strategi Membangun Hubungan Industrial Pancasila Guna Mendukung Ekosistem Logistik Nasional Yang Berdaya Saing Global /</subfield>
      <subfield code="c">Indah Anggoro Putri</subfield>
    </datafield>
    <datafield tag="250" ind1="#" ind2="#">
      <subfield code="a">1</subfield>
    </datafield>
    <datafield tag="260" ind1="#" ind2="#">
      <subfield code="a">Jakarta :</subfield>
      <subfield code="b">Pusbangkom Pimnas dan Manajerial ASN,</subfield>
      <subfield code="c">2022</subfield>
    </datafield>
    <datafield tag="300" ind1="#" ind2="#">
      <subfield code="a">200 halaman :</subfield>
      <subfield code="b">ilus ;</subfield>
      <subfield code="c">30 cm</subfield>
    </datafield>
    <datafield tag="650" ind1="#" ind2="4">
      <subfield code="a">Logistik</subfield>
    </datafield>
    <datafield tag="520" ind1="#" ind2="#">
      <subfield code="a">Arah kebijakan pembangunan nasional saat ini, masih tetap menekankan pada 3 hal utama yaitu Peningkatan Kesempatan Kerja, Investasu dan Ekspor. Dengan demikian untuk mendukung kebijakan nasional tersebut, semua pihak yang ebrada pada posisi penentu kebijakan dan pelaksanaan sektoral bidang hubungan industrial dan jaminan sosial tenaga kerja, dalam menyusun program dan kegiatan hubungan industrial dan jaminan sosial tenaga kerja, harus diorientasikan pada upaya mendukung dan mendorong pencapaian 3 hal tersebut diatas.&#13;
Dalam rangka mensukseskan pelaksanaan agenda pembangunan tersebut maka salah satu faktor penentu yang perlu dilaksanakan adalah dengan menciptakan hubungan industrial yang harmonis dan demokratis serta jaminan sosial tenaga kerja yang menyeluruh yang berada pada lingkup tugas Kementerian Ketenagakerjaan</subfield>
    </datafield>
    <datafield tag="856" ind1="#" ind2="#">
      <subfield code="a">Perpustakaan LAN Pusat</subfield>
    </datafield>
    <datafield tag="990" ind1="#" ind2="#">
      <subfield code="a">157</subfield>
    </datafield>
  </record>
</collection>
